000 00528nam a2200181 i 4500
001 133827
003 ES-MaACL
005 20250618142459.0
007 t|
008 070830s1978 xxk ||||1| eng d
100 1 _aWright, Christopher.
_9117403
245 1 0 _aRembrandt and his art /
_cChristopher Wright.
260 _aLondon :
_bHamlyn,
_c[1978]
300 _a128 p. :
_bil. ;
_c34 cm.
600 0 4 _aRembrandt Harmenszoon van Rijn,
_d1606-1669
_996120
852 _aES-MaACL
_jA-8370
_bR.97985
999 _c133827
_d133827